Melatonin (Record no. 1400)
[ view plain ]
| 000 -LEADER | |
|---|---|
| fixed length control field | 00458nam a2200145Ia 4500 |
| 020 ## - INTERNATIONAL STANDARD BOOK NUMBER | |
| International Standard Book Number | 0192616528 |
| 082 ## - DEWEY DECIMAL CLASSIFICATION NUMBER | |
| Classification number | 612.492 |
| Author Mark | MEL |
| 100 ## - MAIN ENTRY--PERSONAL NAME | |
| Author Name | Miles, Andrew. (ed) |
| 245 #0 - TITLE STATEMENT | |
| Title | Melatonin |
| Subtitle | clinical perspectives |
| 260 ## - PUBLICATION, DISTRIBUTION, ETC. | |
| Place of publication, distribution, etc. | Oxford |
| Name of publisher, distributor, etc. | Oxford University Press |
| Date of publication, distribution, etc. | 1988 |
| 300 ## - PHYSICAL DESCRIPTION | |
| No of Pages | 288 p. |
| 504 ## - BIBLIOGRAPHY, ETC. NOTE | |
| Bibliography, Index, etc. note | including index and bibliography |
| 650 ## - SUBJECT ADDED ENTRY--TOPICAL TERM | |
| Subject | Melatonin. Psychiatry |
| Keywords | Physiological effect. |
| -- | Diagnostic use. |
| -- | Physiological aspects. |
| -- | IMDC |
| 942 ## - ADDED ENTRY ELEMENTS (KOHA) | |
| Koha item type | Books |
| Source of classification or shelving scheme | |
| Item status | Home library | Current library | Shelving location | Date acquired | Total Checkouts | Full call number | Barcode | Date last seen | Koha item type |
|---|---|---|---|---|---|---|---|---|---|
| Islamabad Medical and Dental College | Islamabad Medical and Dental College | Islamabad Medical and Dental College | 16/03/2018 | 612.492 MEL | 2071 | 16/03/2018 | Books |
